000
00358nam a2200133Ia 4500
008
151001s9999||||xx |||||||||||||| ||und||
100
_a
द का हसमनीस
245
_a
खंडणी
250
_a
1
260
_b
गुलमोहर प्रकाशन सातारा
260
_c
1983
300
_a
188
365
_b
18
999
_c
963585
_d
963582